Eurovision Winners (2000-2026) - Statistics

General Stats
  • This quiz has been taken 1,438 times
    213 since last reset
  • The average score is 19 of 26
Answer Stats
Country Song Artist Year % Correct
Bulgaria Bangaranga Dara 2026
98%
Sweden Tattoo Loreen 2023
93%
Switzerland The Code Nemo 2024
93%
Austria Wasted Love JJ 2025
93%
Israel Toy Netta Barzilai 2018
92%
Netherlands Arcade Duncan Laurence 2019
88%
Sweden Euphoria Loreen 2012
88%
Ukraine Stefania Kalush Orchestra 2022
88%
Norway Fairytale Alexander Rybak 2009
86%
Sweden Heroes Måns Zelmerlöw 2015
82%
Austria Rise Like A Phoenix Conchita Wurst 2014
82%
Ukraine 1944 Jamala 2016
76%
Italy Zitti E Buoni Måneskin 2021
76%
Germany Satellite Lena 2010
75%
Finland Hard Rock Hallelujah Lordi 2006
67%
Denmark Only Teardrops Emmelie de Forest 2013
64%
Ukraine Wild Dances Ruslana 2004
64%
Serbia Molitva Marija Šerifović 2007
62%
Greece My Number One Helena Paparizou 2005
62%
Russia Believe Dima Bilan 2008
51%
Azerbaijan Running Scared Ell & Nikki 2011
51%
Portugal Amar Pelos Dois Salvador Sobral 2017
46%
Estonia Everybody Tanel Padar, Dave Benton & 2XL 2001
46%
Turkey Everyway That I Can Sertab Erener 2003
45%
Latvia I Wanna Marie N 2002
43%
Denmark Fly On The Wings Of Love Olsen Brothers 2000
42%
No matching quizzes found
Score Distribution
Percent of People with Each Score
Percentile by Number Answered
Your Score History
You have not taken this quiz since the last reset